"Cicho, skajpuje s dzivku." Na hrad opäť prichádzajú divadelníci

Bibliographic Details
Main Author: Tomalová, Jana (Author)
Format: Article
Language:Slovak
PhysicalDescription:Fotografie
ISSN:1210-2423
Subjects:

MARC

LEADER 00000nab a2200000 r4500
001 vtls011773274
003 SK-MaSNL
005 20260304233406.0
008 180820c2018 xo wr|p|||||||000 b|slo
015 |a SNBRB2018/06 
038 |a PPPK 
040 |a PPPKCL  |b slo  |e rda 
041 0 |a slo 
043 |a e-xo--- 
044 |a xo  |c SK 
072 7 |a 316.7  |x Sociológia kultúry. Kultúrny život  |2 konspekt 
080 |a 792.05  |2 2011 
080 |a 792.09  |2 2011 
080 |a 792.079  |x (437.6)  |2 2011 
080 |a 316.72/.75-027.22  |2 2011 
100 1 |a Tomalová, Jana  |4 aut  |9 1086271 
245 1 0 |a "Cicho, skajpuje s dzivku." Na hrad opäť prichádzajú divadelníci  |c Jana Tomalová 
300 |b Fotografie 
336 |a text  |b txt  |2 rdacontent 
337 |a bez média  |b n  |2 rdamedia 
338 |a zväzok  |b nc  |2 rdacarrier 
610 2 7 |a Kežmarský hrad  |2 pppkcl  |9 165013 
611 2 7 |a Letný divadelný festival  |d (2018 :  |c Kežmarok, Slovensko)  |2 pppkcl  |9 1569023 
648 7 |a 16.-20.7.2018  |2 pppkcl  |9 1569024 
650 0 7 |a divadlá  |2 pppkcl  |9 29113 
650 0 7 |a divadelné predstavenia  |2 pppkcl  |9 3328 
650 0 7 |a divadelné festivaly a prehliadky  |2 pppkcl  |9 3350 
650 0 7 |a kultúrny život  |2 pppkcl  |9 3182 
651 7 |a Kežmarok (Slovensko)  |2 pppkcl  |9 26808 
773 0 |t Podtatranské noviny  |g Roč. LIX, č. 29 (2018), s. 4  |x 1210-2423 
852 |a PPPK  |b KIS3GCP 
999 |c 3198367  |d 3200297